[Event "8th EUR-ch"]
[Site "Dresden GER"]
[Date "2007.04.14"]
[Round "11.165"]
[White "Czap, Bernhard"]
[Black "Potapov, Alexander"]
[Result "0-1"]
[WhiteElo "2204"]
[BlackElo "2515"]
[EventDate "2007.04.03"]
[PlyCount "82"]

1.c4 f5 2.d4 Nf6 3.Nc3 d6 4.Nf3 g6 5.g3 Bg7 6.Bg2 O-O 7.O-O Qe8 8.Re1 Qf7 
9.b3 Ne4 10.Bb2 Nc6 11.Rc1 e5 12.dxe5 Nxc3 13.Bxc3 dxe5 14.Ng5 Qe7 15.f4 
exf4 16.Bxg7 Kxg7 17.gxf4 Qe3+ 18.Kh1 Qxf4 19.Nh3 Qe3 20.Rf1 f4 21.Rf3 Qe5
22.Qd5 Bxh3 23.Qxe5+ Nxe5 24.Rxh3 c6 25.b4 Rad8 26.Rhc3 Rd2 27.R3c2 Rfd8 
28.Bf3 g5 29.h3 Rxc2 30.Rxc2 h5 31.b5 g4 32.hxg4 hxg4 33.Be4 Rd4 34.bxc6 
bxc6 35.Bg2 Kf6 36.c5 Kg5 37.Kg1 Rd1+ 38.Kh2 Kh4 39.Be4 Rd4 40.Bf5 f3 41.
e4 g3+ 0-1

[Event "8th EUR-ch"]
[Site "Dresden GER"]
[Date "2007.04.14"]
[Round "11.166"]
[White "Kayser, Felix"]
[Black "Zysk, Robert"]
[Result "0-1"]
[WhiteElo "2194"]
[BlackElo "2483"]
[EventDate "2007.04.03"]
[PlyCount "112"]

1.e4 c5 2.Nc3 Nc6 3.f4 e6 4.Nf3 d5 5.Bb5 Nf6 6.Bxc6+ bxc6 7.d3 Ba6 8.e5 
Nd7 9.O-O Be7 10.Qe1 O-O 11.Qg3 f5 12.Kh1 Qe8 13.Rd1 Qh5 14.b3 h6 15.Ne2 
Kf7 16.Kg1 Rg8 17.h4 Rad8 18.c4 Nf8 19.Be3 d4 20.Bd2 Ng6 21.Be1 Bc8 22.Qh2
Rh8 23.Bg3 Rdg8 24.Kf2 Nf8 25.Rh1 Nd7 26.Qg1 Nb8 27.Qe1 Bd8 28.a3 Kf8 29.
b4 Nd7 30.Qd1 Bb6 31.Rh3 Qe8 32.h5 g5 33.hxg6 Rxg6 34.Kf1 Rhg8 35.Kf2 cxb4
36.axb4 c5 37.b5 Qf7 38.Qh1 Qg7 39.Nh4 Rg4 40.Nf3 Bb7 41.Qh2 Rg6 42.Rh1 
Rh8 43.Bh4 Kf7 44.Neg1 Rg8 45.Bg5 hxg5 46.Rh7 gxf4 47.Rxg7+ R8xg7 48.Qh5 
Ke7 49.Rh2 Bc7 50.Qh4+ Ke8 51.Qxf4 Nf6 52.Kf1 Ng4 53.Rh8+ Kd7 54.Nxd4 Bxe5
55.Qc1 Bxd4 56.Qa3 Ne3+ 0-1

[Event "8th EUR-ch"]
[Site "Dresden GER"]
[Date "2007.04.14"]
[Round "11.167"]
[White "Bach, Matthias"]
[Black "Natsidis, Christoph"]
[Result "1/2-1/2"]
[WhiteElo "2364"]
[BlackElo "2196"]
[EventDate "2007.04.03"]
[PlyCount "101"]

1.d4 d5 2.c4 c6 3.Nf3 Nf6 4.Nc3 dxc4 5.e4 b5 6.e5 Nd5 7.a4 Bf5 8.axb5 Nb4 
9.Bxc4 Nc2+ 10.Ke2 Nxa1 11.Qa4 Nd7 12.Qa2 e6 13.bxc6 Nb6 14.Bb5 Qc7 15.
Qxa1 Bb4 16.Qa6 O-O 17.Bd2 Rfd8 18.Rc1 Bg4 19.Be3 Rab8 20.Ne4 Nd5 21.Ba4 
Be7 22.b3 Ba3 23.Ra1 Bb2 24.Rb1 Bf5 25.Nfd2 Bc3 26.Kf3 Nxe3 27.fxe3 Bxd2 
28.Nxd2 Bxb1 29.Nxb1 f6 30.Qc4 fxe5 31.Qxe6+ Kh8 32.Qxe5 Rf8+ 33.Ke2 Qf7 
34.Nd2 Rbe8 35.Qg3 Qd5 36.Kd3 Rd8 37.h4 Qf5+ 38.e4 Qc5 39.Qe3 Qe7 40.d5 a6
41.Qg3 Rd6 42.Qg5 Qc7 43.h5 Rdf6 44.Nf3 h6 45.Qg4 Qb6 46.Ne5 Qg1 47.Ng6+ 
Rxg6 48.hxg6 Qb1+ 49.Kc3 Qc1+ 50.Kd4 Qb2+ 51.Kc4 1/2-1/2

[Event "8th EUR-ch"]
[Site "Dresden GER"]
[Date "2007.04.14"]
[Round "11.168"]
[White "Buchal, Stephan"]
[Black "Leiber, Bernard"]
[Result "1-0"]
[WhiteElo "2330"]
[BlackElo "2190"]
[EventDate "2007.04.03"]
[PlyCount "59"]

1.e4 c6 2.d4 g6 3.Nc3 Bg7 4.f4 d6 5.Be3 b5 6.Bd3 Nf6 7.Nf3 Nbd7 8.h3 Nb6 
9.O-O b4 10.Ne2 Be6 11.Ng3 Bc4 12.f5 O-O 13.Rf2 Nfd7 14.Qd2 a5 15.Bh6 f6 
16.Bxg7 Kxg7 17.Raf1 Bf7 18.h4 Qc7 19.fxg6 hxg6 20.h5 Rh8 21.e5 dxe5 22.
Bxg6 Bxg6 23.hxg6 e4 24.Nxe4 Rh6 25.g3 Rah8 26.Nh4 Rxh4 27.gxh4 Rxh4 28.
Rf4 Rh6 29.Rg4 Nd5 30.Qxh6+ 1-0

[Event "8th EUR-ch"]
[Site "Dresden GER"]
[Date "2007.04.14"]
[Round "11.170"]
[White "Grant, Jonathan"]
[Black "Kregelin, Jan"]
[Result "1-0"]
[WhiteElo "2283"]
[BlackElo "2181"]
[EventDate "2007.04.03"]
[PlyCount "39"]

1.c4 e5 2.Nc3 Nf6 3.Nf3 e4 4.Ng5 b5 5.d3 bxc4 6.dxe4 h6 7.Nxf7 Kxf7 8.e5 
c6 9.e4 d5 10.exf6 Qxf6 11.Be3 Bb4 12.Bd4 Qf4 13.Be2 Qxe4 14.O-O Bxc3 15.
Bh5+ g6 16.Bxc3 Rf8 17.Re1 Qd3 18.Qc1 gxh5 19.Qxh6 d4 20.Bb4 1-0

[Event "8th EUR-ch"]
[Site "Dresden GER"]
[Date "2007.04.14"]
[Round "11.171"]
[White "Hindermann, Felix"]
[Black "Kongevold, Hans"]
[Result "1-0"]
[WhiteElo "2260"]
[BlackElo "2178"]
[EventDate "2007.04.03"]
[PlyCount "65"]

1.e4 d5 2.exd5 Nf6 3.Nf3 Bg4 4.Bb5+ Nbd7 5.h3 a6 6.Be2 Bh5 7.c4 Bxf3 8.
Bxf3 Ne5 9.Be2 e6 10.d4 Ng6 11.dxe6 fxe6 12.O-O Bd6 13.Qb3 O-O 14.Be3 Kh8 
15.Nd2 Nf4 16.Bxf4 Bxf4 17.Nf3 Ne4 18.Rad1 Ng5 19.Rfe1 Qf6 20.Nxg5 Bxg5 
21.Bf3 Rad8 22.Re4 Qg6 23.c5 Rf6 24.Rde1 Bd2 25.R1e2 Bf4 26.Qxb7 Bg5 27.h4
Bf4 28.Qb3 h6 29.Rxe6 Rxe6 30.Qxe6 Qb1+ 31.Re1 Qxb2 32.Be4 Qd2 33.Bg6 1-0

[Event "8th EUR-ch"]
[Site "Dresden GER"]
[Date "2007.04.14"]
[Round "11.172"]
[White "Wilke, Werner"]
[Black "Baer, Soeren"]
[Result "0-1"]
[WhiteElo "2253"]
[BlackElo "2129"]
[EventDate "2007.04.03"]
[PlyCount "72"]

1.e4 c5 2.c3 d5 3.exd5 Qxd5 4.d4 g6 5.Nf3 Bg7 6.dxc5 Qxc5 7.Be3 Qa5 8.Qb3 
Nf6 9.Bb5+ Nfd7 10.O-O O-O 11.Re1 Nc6 12.Na3 Nde5 13.Nxe5 Nxe5 14.Bd4 Be6 
15.Qc2 Qc7 16.h3 a6 17.Bf1 b5 18.Qe4 Nc6 19.Bxg7 Kxg7 20.Nc2 Rad8 21.a4 
Bf5 22.Qe2 Bd3 23.Qe3 Bxc2 24.axb5 axb5 25.Bxb5 Qb7 26.Qc5 Rd6 27.Ra6 Nb8 
28.Ra7 Qb6 29.Qe5+ Kg8 30.Qxe7 Rf6 31.Re2 Qxb5 32.Rxc2 Re6 33.Qc7 Re1+ 34.
Kh2 Qd3 35.Ra8 Nd7 36.Qc6 Qxc2 0-1

[Event "8th EUR-ch"]
[Site "Dresden GER"]
[Date "2007.04.14"]
[Round "11.173"]
[White "Johansen, Paul"]
[Black "Schulz, Michael"]
[Result "0-1"]
[WhiteElo "2108"]
[BlackElo "2250"]
[EventDate "2007.04.03"]
[PlyCount "80"]

1.e4 g6 2.Bc4 Bg7 3.Nc3 e6 4.d3 Ne7 5.Bg5 h6 6.Bh4 g5 7.Bg3 d5 8.exd5 exd5
9.Bb3 c6 10.Qe2 O-O 11.O-O-O Ng6 12.h4 gxh4 13.Bxb8 Rxb8 14.g3 Re8 15.Qd2 
hxg3 16.f4 Bg4 17.Rf1 Nh4 18.Re1 Qf6 19.Nh3 g2 20.Nf2 gxh1=Q 21.Rxh1 Bf3 
22.Rg1 Re6 23.d4 Bh5 24.Nxd5 cxd5 25.Bxd5 Nf3 26.Bxf3 Bxf3 27.c3 Re2 28.
Ne4 Rxe4 29.Qf2 Qxf4+ 30.Kb1 Re2 31.Qf1 Rbe8 32.Qh3 Be4+ 33.Ka1 Bg2 34.Qd3
Re1+ 35.Qb1 Qf2 36.Rxe1 Rxe1 37.b3 Rxb1+ 38.Kxb1 Qd2 39.a4 Be4+ 40.Ka1 
Qc1+ 0-1

[Event "8th EUR-ch"]
[Site "Dresden GER"]
[Date "2007.04.14"]
[Round "11.174"]
[White "Makoli, Perparim"]
[Black "Almond, Richard"]
[Result "1-0"]
[WhiteElo "2245"]
[BlackElo "2088"]
[EventDate "2007.04.03"]
[PlyCount "77"]

1.e4 d5 2.exd5 Qxd5 3.Nc3 Qa5 4.d4 c6 5.Nf3 Nf6 6.Bc4 Bf5 7.Bd2 e6 8.Nd5 
Qd8 9.Nxf6+ Qxf6 10.Qe2 Nd7 11.O-O-O Nb6 12.Bb3 Bg4 13.d5 Bxf3 14.gxf3 
cxd5 15.Qb5+ Kd8 16.Ba5 Bd6 17.Kb1 Ke7 18.c4 Rhc8 19.Bb4 Bxb4 20.Qxb4+ Ke8
21.cxd5 Qe7 22.d6 Qd7 23.Qe4 Rc6 24.Qxh7 Rxd6 25.Qxg7 Rxd1+ 26.Rxd1 Qe7 
27.Qh8+ Qf8 28.Qe5 Qe7 29.f4 Rc8 30.f5 Qg5 31.Re1 Kf8 32.Qd6+ Qe7 33.Qd4 
Qc5 34.Qh8+ Ke7 35.Qh4+ Kf8 36.fxe6 fxe6 37.Qf6+ Ke8 38.Rxe6+ Kd7 39.Qf7+ 
1-0

[Event "8th EUR-ch"]
[Site "Dresden GER"]
[Date "2007.04.14"]
[Round "11.176"]
[White "Bente, Bjoern"]
[Black "Gnirk, Torsten"]
[Result "1-0"]
[WhiteElo "2238"]
[BlackElo "2131"]
[EventDate "2007.04.03"]
[PlyCount "55"]

1.d4 Nf6 2.c4 c5 3.d5 b5 4.f3 e6 5.e4 bxc4 6.Bxc4 exd5 7.Bxd5 Nxd5 8.Qxd5 
Nc6 9.Nc3 Rb8 10.Nge2 Be7 11.O-O O-O 12.a3 Qb6 13.Be3 d6 14.b4 Be6 15.Qd2 
Qb7 16.bxc5 dxc5 17.Nd5 Rfd8 18.Nef4 Bf8 19.Qf2 Bxd5 20.Nxd5 c4 21.Rfc1 
Qb5 22.a4 Qa6 23.Bc5 Ne5 24.Bxf8 Nd3 25.Qd4 Kxf8 26.Rxc4 Rb3 27.Rd1 Rxd5 
28.exd5 1-0

[Event "8th EUR-ch"]
[Site "Dresden GER"]
[Date "2007.04.14"]
[Round "11.177"]
[White "Sejkora, Vlastimil"]
[Black "Stips, Felix"]
[Result "1/2-1/2"]
[WhiteElo "2219"]
[BlackElo "2029"]
[EventDate "2007.04.03"]
[PlyCount "113"]

1.e4 c5 2.Nf3 Nf6 3.Nc3 d6 4.Bb5+ Bd7 5.a4 Nc6 6.O-O a6 7.Bxc6 Bxc6 8.Qe2 
b6 9.d4 cxd4 10.Nxd4 Bb7 11.Rd1 Qc7 12.Bg5 e6 13.f4 Be7 14.Kh1 O-O 15.Rd3 
h6 16.Bxf6 Bxf6 17.f5 Rae8 18.Qg4 d5 19.exd5 exd5 20.Qf3 Re5 21.Qg3 Qe7 
22.Qf2 Re8 23.Rf1 Qc5 24.Nce2 Re4 25.c3 a5 26.Ng3 Bh4 27.Rdd1 Ba6 28.Rfe1 
Qe7 29.Rxe4 dxe4 30.Re1 e3 31.Qf3 Bb7 32.Qg4 Qg5 33.Qxg5 Bxg5 34.Nf3 Bf6 
35.Nh5 Bd8 36.Kg1 Bc6 37.b3 Bd7 38.Nd4 g6 39.fxg6 fxg6 40.Nf4 Kg7 41.Nd5 
Re5 42.Nxe3 b5 43.axb5 Bxb5 44.Nec2 Rxe1+ 45.Nxe1 Bb6 46.Kf2 Kf6 47.Ke3 
Bc6 48.Kd3 Bb7 49.Nef3 g5 50.g4 Bc8 51.h3 h5 52.gxh5 Bxh3 53.h6 Kg6 54.
Nxg5 Bf1+ 55.Ke4 Kxh6 56.Nge6 a4 57.c4 1/2-1/2

[Event "8th EUR-ch"]
[Site "Dresden GER"]
[Date "2007.04.14"]
[Round "11.178"]
[White "Jaenig, Reinhard"]
[Black "Startsev, Vladimir"]
[Result "1/2-1/2"]
[WhiteElo "2176"]
[BlackElo "2248"]
[EventDate "2007.04.03"]
[PlyCount "131"]

1.e4 c5 2.Nf3 Nc6 3.d4 cxd4 4.Nxd4 Nf6 5.Nc3 d6 6.Bg5 Bd7 7.Qd2 Rc8 8.
O-O-O Nxd4 9.Qxd4 Qa5 10.Be3 a6 11.f3 h5 12.Kb1 e6 13.Be2 Be7 14.Qb6 Qxb6 
15.Bxb6 g5 16.Bd4 e5 17.Be3 Rg8 18.Nd5 Nxd5 19.Rxd5 Be6 20.Rd2 Rc6 21.Rhd1
Kd7 22.a4 Rgc8 23.b3 f5 24.Bd3 f4 25.Bf2 Bd8 26.g3 Ba5 27.Re2 fxg3 28.hxg3
Rh8 29.Be3 h4 30.Rh1 Rcc8 31.Bxg5 hxg3 32.Rg1 Rcg8 33.Bd2 Bb6 34.Be3 Bxe3 
35.Rxe3 g2 36.Ree1 Rh3 37.Be2 Rhg3 38.Kc1 Rc8 39.Kd2 Kc6 40.Ke3 Rcg8 41.
Kf2 a5 42.Bb5+ Kc5 43.Rd1 R8g7 44.Rd3 d5 45.exd5 Bxd5 46.Rc3+ Kb4 47.Re3 
R3g5 48.Rd3 Be6 49.Rd6 Bf5 50.Bd3 Bxd3 51.Rxd3 Ka3 52.Rc3 Kb2 53.Rc5 b6 
54.Rb5 Kxc2 55.Rxb6 Rd7 56.b4 e4 57.bxa5 Rf7 58.Rxg2 e3+ 59.Kf1+ Rxg2 60.
Kxg2 Kd2 61.Rb2+ Kc3 62.Rb8 Kd2 63.Rb2+ Kd1 64.Rb1+ Kc2 65.Rb8 Kd2 66.Rb2+
1/2-1/2

[Event "8th EUR-ch"]
[Site "Dresden GER"]
[Date "2007.04.14"]
[Round "11.179"]
[White "Godoj, Veit"]
[Black "Lyell, Mark"]
[Result "0-1"]
[WhiteElo "2113"]
[BlackElo "2203"]
[EventDate "2007.04.03"]
[PlyCount "116"]

1.e4 e5 2.Nf3 Nc6 3.Nc3 Nf6 4.Bb5 Nd4 5.Ba4 Bc5 6.d3 O-O 7.Bg5 c6 8.Nxe5 
d6 9.Nf3 Bg4 10.Bb3 h6 11.Be3 Bxf3 12.gxf3 Nh5 13.Na4 Qf6 14.f4 Nxf4 15.
Qg4 Ng6 16.Nxc5 dxc5 17.O-O-O Ne5 18.Bxd4 cxd4 19.Qg3 Ng6 20.Kb1 Nf4 21.h4
Rae8 22.Qf3 h5 23.Rdg1 Re5 24.Rg3 Kh7 25.Rhg1 g6 26.Rh1 c5 27.a4 a6 28.Bc4
b5 29.axb5 axb5 30.Bxb5 Rb8 31.Bc4 Rb7 32.Kc1 Kg7 33.Rhg1 Qxh4 34.Rh1 Qf6 
35.Kd2 Rxb2 36.Bb3 c4 37.dxc4 d3 38.Kc1 Rxb3 39.cxb3 Ne2+ 40.Kd2 Nxg3 41.
Qxf6+ Kxf6 42.fxg3 Rxe4 43.Kxd3 Rg4 44.Rf1+ Ke5 45.Re1+ Kd6 46.Re3 f5 47.
Kc3 g5 48.Kb4 h4 49.gxh4 Rxh4 50.Kb5 f4 51.c5+ Kd5 52.Re8 f3 53.Rd8+ Ke4 
54.Re8+ Kd4 55.Re1 g4 56.c6 Rh8 57.Rc1 f2 58.c7 g3 0-1

[Event "8th EUR-ch"]
[Site "Dresden GER"]
[Date "2007.04.14"]
[Round "11.180"]
[White "Ringoir, Tanguy"]
[Black "Hutchinson, Norman"]
[Result "1-0"]
[WhiteElo "2199"]
[BlackElo "2087"]
[EventDate "2007.04.03"]
[PlyCount "65"]

1.e4 c6 2.d4 d5 3.exd5 cxd5 4.Bd3 Nc6 5.c3 Qc7 6.Ne2 Bg4 7.f3 Bd7 8.Bf4 e5
9.dxe5 Nxe5 10.Bc2 Bd6 11.O-O Ne7 12.Ba4 b5 13.Bb3 Nc4 14.Bxd6 Qxd6 15.
Bxc4 Qb6+ 16.Nd4 bxc4 17.Qe2 Kf8 18.Kh1 Re8 19.Qd2 Ng6 20.b3 Ne5 21.Na3 f6
22.f4 Ng4 23.bxc4 Ne3 24.Rfe1 Nxc4 25.Rxe8+ Kxe8 26.Nxc4 dxc4 27.Qe2+ Kd8 
28.Qxc4 Re8 29.Rd1 Re3 30.Nc6+ Kc7 31.Ne5+ Bc6 32.Rd7+ Kc8 33.Qg8+ 1-0

[Event "8th EUR-ch"]
[Site "Dresden GER"]
[Date "2007.04.14"]
[Round "11.181"]
[White "Janda, Zdenek"]
[Black "Mayer, Frank"]
[Result "0-1"]
[WhiteElo "2182"]
[BlackElo "2076"]
[EventDate "2007.04.03"]
[PlyCount "102"]

1.c4 b6 2.Nc3 Bb7 3.Nf3 Nf6 4.d3 e6 5.g3 d5 6.cxd5 Nxd5 7.Bg2 Be7 8.O-O 
O-O 9.Nxd5 Bxd5 10.Qc2 c5 11.Rd1 Nc6 12.e4 Nb4 13.Qa4 Bc6 14.Qb3 Qe8 15.
Qc3 Bf6 16.e5 Be7 17.b3 Rc8 18.a3 Nd5 19.Qe1 b5 20.Bb2 Qd7 21.Rac1 Qb7 22.
Qe2 Nb6 23.Ne1 Bd5 24.Qc2 Rfd8 25.a4 c4 26.bxc4 bxc4 27.d4 a5 28.Bc3 Bb4 
29.Rb1 Bxg2 30.Nxg2 Nd5 31.Bd2 Qc6 32.Ne3 Bxd2 33.Nxd5 Rxd5 34.Rxd2 g6 35.
h4 h5 36.Kh2 Kg7 37.Qc3 Qxa4 38.Rb7 Rb5 39.Rb2 Rxb2 40.Rxb2 Qd7 41.Rb6 Kh7
42.Ra6 a4 43.Rd6 Qa7 44.d5 Qxf2+ 45.Kh3 Rc7 46.Rd8 Rb7 47.dxe6 Qf5+ 48.Kh2
Qxe6 49.Rd4 Qxe5 50.Rxc4 Qe2+ 51.Kh3 Rb2 0-1

[Event "8th EUR-ch"]
[Site "Dresden GER"]
[Date "2007.04.14"]
[Round "11.182"]
[White "Kaphle, Sebastian"]
[Black "Windelband, Jens"]
[Result "1/2-1/2"]
[WhiteElo "2010"]
[BlackElo "2181"]
[EventDate "2007.04.03"]
[PlyCount "82"]

1.e4 c5 2.Nf3 d6 3.d4 cxd4 4.Nxd4 Nf6 5.Nc3 g6 6.Be3 Bg7 7.f3 Nc6 8.Qd2 
O-O 9.O-O-O d5 10.Qe1 e5 11.Nxc6 bxc6 12.exd5 Nxd5 13.Bc4 Be6 14.Bb3 a5 
15.h4 Qc7 16.Bc5 Rfd8 17.Ne4 a4 18.Bc4 Nf4 19.Bxe6 Nxe6 20.Bd6 Qb6 21.h5 
a3 22.b3 f5 23.Nf2 Ra5 24.hxg6 hxg6 25.Bb4 Rad5 26.Bxa3 Qa7 27.Bb2 Qxa2 
28.Rxd5 Rxd5 29.Qb4 Qa7 30.Nd1 Qd7 31.Ne3 Rb5 32.Qc4 Rc5 33.Qh4 Nd4 34.Kb1
Nxb3 35.Qb4 Nd2+ 36.Kc1 Rb5 37.Qc3 Qd4 38.Qxc6 Nb3+ 39.Kb1 Nd2+ 40.Kc1 
Nb3+ 41.Kb1 Nd2+ 1/2-1/2

[Event "8th EUR-ch"]
[Site "Dresden GER"]
[Date "2007.04.14"]
[Round "11.183"]
[White "Grosse, Manfred"]
[Black "Siedentopf, Daniel"]
[Result "0-1"]
[WhiteElo "1955"]
[BlackElo "2178"]
[EventDate "2007.04.03"]
[PlyCount "74"]

1.d4 f5 2.c4 Nf6 3.Nc3 d6 4.Nf3 g6 5.e3 Bg7 6.h4 O-O 7.h5 Nxh5 8.Rxh5 gxh5
9.d5 e5 10.dxe6 Bxe6 11.Nd4 Bd7 12.Qxh5 Bxd4 13.exd4 Qe8+ 14.Be2 Qxh5 15.
Bxh5 Nc6 16.Ne2 Be8 17.Bf3 Bf7 18.b3 a5 19.Bd2 a4 20.O-O-O axb3 21.axb3 
Ra2 22.Bc3 Rb8 23.Kb1 Ra6 24.Ng3 b5 25.Nxf5 Bg6 26.Bd5+ Kf8 27.g4 Ne7 28.
Be4 bxc4 29.b4 Ra3 30.Kb2 Rb3+ 31.Kc2 d5 32.Bg2 Nxf5 33.gxf5 Bxf5+ 34.Kd2 
Ra8 35.Rc1 c6 36.Bf3 Ra2+ 37.Ke3 Bc2 0-1

[Event "8th EUR-ch"]
[Site "Dresden GER"]
[Date "2007.04.14"]
[Round "11.184"]
[White "Schnoor, Ekkehard"]
[Black "Geske, Julian"]
[Result "1/2-1/2"]
[WhiteElo "1936"]
[BlackElo "2176"]
[EventDate "2007.04.03"]
[PlyCount "40"]

1.e4 e5 2.Nf3 Nc6 3.Bb5 a6 4.Ba4 Nf6 5.O-O Nxe4 6.d4 b5 7.Bb3 d5 8.dxe5 
Be6 9.Nbd2 Be7 10.c3 Nc5 11.Bc2 d4 12.cxd4 Nxd4 13.Nxd4 Qxd4 14.Nf3 Qxd1 
15.Rxd1 O-O 16.Ng5 h6 17.Nxe6 Nxe6 18.Be3 Rad8 19.f4 c5 20.Kf2 c4 1/2-1/2

[Event "8th EUR-ch"]
[Site "Dresden GER"]
[Date "2007.04.14"]
[Round "11.185"]
[White "Muehle, Hans-Bernd"]
[Black "Kaphle, Stephan"]
[Result "0-1"]
[WhiteElo "1944"]
[BlackElo "2151"]
[EventDate "2007.04.03"]
[PlyCount "62"]

1.e4 c5 2.Nf3 d6 3.d4 cxd4 4.Nxd4 Nf6 5.Nc3 a6 6.Be2 e5 7.Nb3 Be7 8.Be3 
O-O 9.f3 Be6 10.Nd5 Bxd5 11.exd5 b5 12.g4 Nfd7 13.Bf2 Bh4 14.Bg3 Nb6 15.
Qd2 Bg5 16.Qd3 Nc4 17.f4 exf4 18.h4 Nxb2 19.Qf5 Bf6 20.Qxf4 Bc3+ 21.Kf1 
Nd7 22.Qxd6 Nc4 23.Qf4 f5 24.g5 Be5 25.Qf3 f4 26.Bf2 Bxa1 27.Bxc4 Ne5 28.
Qd1 Nxc4 29.Nxa1 Ne3+ 30.Bxe3 fxe3+ 31.Kg1 Qb6 0-1

[Event "8th EUR-ch"]
[Site "Dresden GER"]
[Date "2007.04.14"]
[Round "11.187"]
[White "Ringoir, Guy"]
[Black "Boettger, Lukas"]
[Result "1/2-1/2"]
[WhiteElo "1954"]
[BlackElo "2108"]
[EventDate "2007.04.03"]
[PlyCount "67"]

1.e4 d5 2.exd5 Qxd5 3.Nc3 Qa5 4.d4 Nf6 5.Nf3 c6 6.Ne5 Bf5 7.g4 Be6 8.Bg2 
Nbd7 9.Nxd7 Nxd7 10.d5 cxd5 11.Bxd5 Bxd5 12.Qxd5 Qxd5 13.Nxd5 O-O-O 14.Ne3
h5 15.g5 Nc5 16.h4 g6 17.c3 f5 18.gxf6 exf6 19.Rg1 g5 20.hxg5 fxg5 21.Rxg5
h4 22.Rg1 h3 23.Rh1 Bd6 24.Nf1 Be5 25.Be3 Nd3+ 26.Ke2 Nxb2 27.Bxa7 Na4 28.
Bd4 Bxd4 29.cxd4 Rxd4 30.Rc1+ Kd7 31.Ne3 Rh5 32.Kf3 Nc5 33.Rc4 Rxc4 34.
Nxc4 1/2-1/2

[Event "8th EUR-ch"]
[Site "Dresden GER"]
[Date "2007.04.14"]
[Round "11.189"]
[White "Calder, Dennis"]
[Black "Katte, Nicolas"]
[Result "1-0"]
[WhiteElo "2009"]
[BlackElo "1946"]
[EventDate "2007.04.03"]
[PlyCount "36"]

1.d4 c5 2.dxc5 e6 3.Nc3 Bxc5 4.Ne4 Qb6 5.Nxc5 Qxc5 6.Nf3 Nf6 7.b3 Nc6 8.e3
Nb4 9.c4 b5 10.a3 bxc4 11.axb4 Qxb4+ 12.Nd2 c3 13.Nc4 Ne4 14.Ba3 c2+ 15.
Bxb4 cxd1=Q+ 16.Rxd1 Rb8 17.Nd6+ Nxd6 18.Bxd6 Rxb3 1-0

[Event "8th EUR-ch"]
[Site "Dresden GER"]
[Date "2007.04.14"]
[Round "11.192"]
[White "Schiefner, Ray"]
[Black "Hesselbarth, Karlheinz"]
[Result "1/2-1/2"]
[WhiteElo "2047"]
[BlackElo "1929"]
[EventDate "2007.04.03"]
[PlyCount "54"]

1.e4 e5 2.Nf3 Nc6 3.d4 exd4 4.Bc4 Nf6 5.O-O Nxe4 6.Re1 d5 7.Bxd5 Qxd5 8.
Nc3 Qa5 9.Nxe4 Be6 10.Neg5 O-O-O 11.Nxe6 fxe6 12.Rxe6 Bd6 13.Bg5 Rde8 14.
Qe2 Kd7 15.Re1 Qxe1+ 16.Qxe1 Rxe6 17.Qd2 Rhe8 18.g3 h6 19.Bf4 g5 20.Bxd6 
Rxd6 21.Qd3 Rf8 22.Nd2 Kc8 23.Ne4 Re6 24.Kg2 g4 25.Nc5 Ref6 26.Ne4 Re6 27.
Nc5 Ref6 1/2-1/2